| 000 | 00818nam a2200217Ia 4500 | ||
|---|---|---|---|
| 999 |
_c39455 _d39455 |
||
| 001 | 6048 | ||
| 003 | GE_BSU | ||
| 005 | 20190909130946.0 | ||
| 008 | 181216s1940||||ge |||||||||||||| ||geo|| | ||
| 040 | _cGE_BSU | ||
| 041 | _ageo | ||
| 080 | _a821.353.1-31 ა-30 | ||
| 100 |
_aავალიანი, ვ. _93927 |
||
| 245 |
_aლაჰილ პირველი : _bნოველების წიგნი / _cვ. ავალიანი ; რედ. ვ. ბერაია. |
||
| 264 |
_aთბილისი : _bსაბლიტგამი ; _c1940. |
||
| 300 |
_a175 გვ. ; _c15 სმ. |
||
| 653 | _aლაჰილ პირველი | ||
| 653 | _aნოველების წიგნი | ||
| 700 |
_aბერაია, ვ. _eრედაქტორი _93928 |
||
| 942 |
_cBK _2udc |
||